000 00655pam a2200229 a 4500
008
020 _a0314852778 (hbk.)
049 _aMAIN
090 _aQA276
_bMAC.
100 1 _aMcGhee, John W.
245 1 0 _aIntroductory statistics /
_cJohn W. McGhee.
260 _aSt. Paul :
_bWest Pub. Co.,
_cc1985.
300 _axiii, 619 p. :
_bill. (some col.) ;
_c26 cm.
500 _aIncludes index.
504 _aIncludes bibliographical references.
650 0 _aStatistics.
907 _a.b10046823
_b23-09-13
_c17-04-03
003
005 20230123134058.0
040 _cNUST
942 _cBOOKS
_kQA276
_mMAC.
999 _c159676
_d159676